Les districts de la Ville de Sherbrooke - Statistiques

Statistiques générales
  • Ce quiz a été pris 5 fois
    4 depuis la dernière actualisation
  • Le résultat moyen est 5 sur 15
Statistiques - réponses
Arrondissement District % Correct
Des Nations District de l'{Univeristé}
75%
Fleurimont District de {Desranleau}
50%
Des Nations District du {Carrefour}
50%
Des Nations District du {Lac-des-Nations}
50%
Des Nations District d'{Ascot}
25%
Brompton–Rock Forest–Saint-Élie–Deauville District de {Brompton}
25%
Lennoxville District de {Fairview}
25%
Fleurimont District de l'{Hôtel-Dieu}
25%
Brompton–Rock Forest–Saint-Élie–Deauville District de {Rock-Forest}
25%
Fleurimont District des {Quatre-Saisons}
25%
Des Nations District du {Golf}
25%
Brompton–Rock Forest–Saint-Élie–Deauville District du {Lac Magog}
25%
Fleurimont District du {Pin-Solitaire}
25%
Lennoxville District d'{Uplands}
25%
Brompton–Rock Forest–Saint-Élie–Deauville District de {Saint-Élie}
25%
Aucun quiz correspondant
Distribution des résultats
% des personnes avec chaque résultat
Percentile par nombre de réponses
Votre historique - résultats
Vous n’avez pas pris ce quiz depuis la dernière actualisation